Никола Вапцаров (Запис номер 163432)
[ съкратено ]
| 000 -Лидер | |
|---|---|
| Контролно поле с фиксирана дължина | 01677nam a2200361 c 4500 |
| 003 - Код на организацията, давaща контролен номер | |
| Контролно поле | BLK |
| 005 - Дата и час на последна редакция | |
| Контролно поле | 20221130163505.0 |
| 008 - Елементи от данни с фиксирана дължина | |
| fixed length control field | 180410b bul|||||r ||||||| ||bul|| |
| 010 ## - Наследен системен номер | |
| LC control number | KNG00170842000 |
| 040 ## - Източник на каталожния запис | |
| Идентификатор на билиотеката - собственик на записа | BLK |
| 041 ## - Код за език | |
| Код за езика на текст/звукозапис или на отделно заглавие | Български |
| Код за езика КДБФ | Български |
| 080 ## - УДК | |
| Текстов определител УДК | Българска литература |
| УДК код - определител по УДК | 821.163.2 |
| УДК определител | (093) |
| УДК - код + определител | 821.163.2(093) |
| 080 ## - УДК | |
| Текстов определител УДК | Български поет (1909-1942) |
| УДК код - определител по УДК | 929 Вапцаров, Никола Йонков |
| УДК - код + определител | 929 Вапцаров, Никола Йонков |
| 139 ## - Редно поле | |
| Редна дума | Вапцаров, Никола за него |
| Авторски знак | Вап - В 21 |
| 245 10 - Сведения за заглавието | |
| Заглавие | Никола Вапцаров |
| Подзаглавни данни | Спомени за поета и революционера : По случай 70 г. от рождението му |
| Редно поле (дума) | под ред. на Георги Караславов; * Младен Исаев; * Петър Пондев. |
| 257 ## - Страна на издаване | |
| Страна на създаване/издаване | България |
| 260 ## - Област на издателските данни | |
| Име на издателя, разпространителя и проч. | Бълг. писател |
| Година на издаване | 1979 |
| Място на издаване, разпространение и проч. | София |
| 300 ## - Физическа характеристика | |
| Страници | 751 с., 16 л. ил., факс. |
| Размери/Мащаб | 22 см |
| 380 ## - Жанр | |
| Жанр | Литературознание |
| 500 ## - Общи забележки | |
| Забележка | Други ред.: Младен Исаев, Петър Пондев. - 10 113 тир. |
| 600 14 - Име на лице, използвано като предмет | |
| За него / За нея | Вапцаров, Никола Йонков |
| 9 (RLIN) | 364370 |
| 650 #4 - Допълнително описание по предмет – тема | |
| Основно описание – тема или топоним | Поети, български - спомени |
| 9 (RLIN) | 245048 |
| 653 ## - Ключова дума – ненормативна | |
| Ключова дума | Никола Вапцаров |
| 653 ## - Ключова дума – ненормативна | |
| Ключова дума | спомени |
| 700 1# - Други автори (авторска отговорност) | |
| Лично име | Караславов, Георги |
| Автороска отговорност (Описва отношението между автора и произведението) | под ред. на |
| 9 (RLIN) | 369377 |
| 700 1# - Други автори (авторска отговорност) | |
| Лично име | Исаев, Младен |
| Пълна форма на името | Младенов, Младен Исаев |
| Автороска отговорност (Описва отношението между автора и произведението) | * |
| 9 (RLIN) | 369402 |
| 700 1# - Други автори (авторска отговорност) | |
| Лично име | Пондев, Петър |
| Автороска отговорност (Описва отношението между автора и произведението) | * |
| 9 (RLIN) | 368894 |
| 852 ## - Местоположение | |
| Форматна сигнатура | Цб 100789 |
| 856 4# - Електронен адрес и достъп | |
| Електронен формат | pdf - файл |
| Инструкция (цена за достъп) | 0.00 |
| Права за достъп | disable |
| 856 4# - Електронен адрес и достъп | |
| Електронен формат | pdf - файл |
| Инструкция (цена за достъп) | 0.00 |
| Права за достъп | disable |
| 999 ## - СИСТЕМНИ КОНТРОЛНИ НОМЕРА | |
| Koha biblionumber | 163432 |
| Koha biblioitemnumber | 163432 |
| 942 ## - АРТИКУЛИ | |
| Вид на библиотечния материал | Книги |
| Скрит в OPAC | Не |
| Периодичен библиозапис | Да |
| 944 ## - СЪЗДАВАНЕ И РЕДАКЦИЯ на ЗАПИСА | |
| Създаване/Редакция | Създаване |
| Дата на регистрацията/редакция | 06.02.2015 |
| Статус, дата на статуса | 06.02.2015 - от С1,Р / 06.02.2015 |
| Служител, извършил регистрацията/редакцията | Нора_Радева |
| 944 ## - СЪЗДАВАНЕ И РЕДАКЦИЯ на ЗАПИСА | |
| Създаване/Редакция | Редакция |
| Дата на регистрацията/редакция | 06.02.2015 |
| Статус, дата на статуса | 06.02.2015 - от С1,Р / 06.02.2015 |
| 999 ## - СИСТЕМНИ КОНТРОЛНИ НОМЕРА | |
| Koha biblioitemnumber | 163432 |
| Код за отписване | Код за изгубен артикул | Източник на класификационната схема | Код за повреда | Коз за рестрикции | Код за отдаване | Артикулен № | Име на библиотеката - собственик | Име на библиотеката, в която се намира в момента | Статус (Текущо местоположение) | Дата на вписване в системата | Местоположение - отдел | Цена в лева | Инвентарен номер | Систематично азбучна сигнатура | Баркод | Номер на екземпляра | Цена в евро | Служебна бележка | Служебен тип на артикула |
|---|---|---|---|---|---|---|---|---|---|---|---|---|---|---|---|---|---|---|---|
| Не е изгубен | Universal Decimal Classification | Не е повреден | без рестрикции | ползва се в читалня | 273872 | Регионална библиотека "Любен Каравелов" Русе | Регионална библиотека "Любен Каравелов" Русе | Хранилище | 1979-01-01 | Хранилище | 5.91 | 292779 | Цб 100789 | 120000292779 | 1 | 3.02 | Дост: Dp Вид: Д Дата: 01.01.1979 | Книги | |
| Изтеглен | Не е изгубен | Universal Decimal Classification | Не е повреден | без рестрикции | заемане за дома | 273873 | Регионална библиотека "Любен Каравелов" Русе | Регионална библиотека "Любен Каравелов" Русе | Заемна - подръчен фонд | 1979-01-01 | Заемна - подръчен фонд | 5.91 | 293754 | П 886.7(093)/В 21 | 293754 | 2 | 3.02 | Вид: Сф Дата: 01.01.1979 | Книги |